000 00561nam a2200169 i 4500
001 59186
003 ES-MaACL
005 20230906164001.0
007 t|
008 031027s1947 sp ||||1| spa d
100 1 _aElías de Tejada, Francisco.
_946976
245 1 3 _aLa Literatura jurídica sueca /
_cFrancisco Elías de Tejada Spínola.
260 _aMadrid :
_b[s.n.,
_c1947] (
_fImp. Viuda Galo Sèz)
300 _a30 p. ;
_c18 cm.
500 _aEs separata de la Revista de Derecho Privado, nº 361, Madrid, 1947.
852 _aES-MaACL
_j1868-F-16
_bR.23923
999 _c59186
_d59186